[Event "BCF-ch U120"]
[Site "Coventry"]
[Date "2015.08.05"]
[Round "3"]
[White "Curry, William"]
[Black "Jestico, John V"]
[Result "1-0"]
[WhiteElo "1530"]
[BlackElo "108"]
[PlyCount "97"]
[EventDate "2015.08.03"]
[EventType "swiss"]
[EventRounds "5"]
[EventCountry "ENG"]
[SourceTitle "CBM 167 Extra"]
[Source "ChessBase"]
[SourceDate "2015.09.14"]
[SourceVersion "1"]
[SourceVersionDate "2015.09.14"]
[SourceQuality "1"]

1. e4 e6 2. d4 d5 3. e5 c5 4. Bb5+ Bd7 5. Bxd7+ Nxd7 6. c3 Qb6 7. Nf3 Ne7 8. 0-0 Nc6 9. b3 Be7 10. Be3 cxd4 11. cxd4 Rc8 12. Nc3 Qa6 13. a3 0-0 14. b4 b5 15. Qd3 Rb8 16. Rfb1 Qb7 17. Bg5 f6 18. exf6 Bxf6 19. Re1 Nd8 20. Bf4 Rc8 21. Nxb5 Rc6 22. Bd6 Rf7 23. Bg3 Be7 24. Be5 a6 25. Nc3 Bf6 26. Bxf6 Rxf6 27. Ng5 Rh6 28. Qf3 Nf6 29. Na4 Qc7 30. g3 Qc8 31. Nc5 Nd7 32. Rac1 Rf6 33. Qd3 Rh6 34. Nf3 Nf6 35. Ne5 Rc7 36. Rc2 Ne4 37. Rec1 Nd6 38. Nxa6 Rxc2 39. Rxc2 Nc4 40. b5 Qb7 41. a4 Nf7 42. Nxc4 dxc4 43. Rxc4 e5 44. Rc7 Qd5 45. Nb4 Qd8 46. Qc4 Rf6 47. Rc8 Rd6 48. Rxd8+ Rxd8 49. h3 1-0

[Event "BCF-ch Seniors 65 U150"]
[Site "Coventry"]
[Date "2015.08.03"]
[Round "1"]
[White "Curry, William"]
[Black "MacGilchrist, Siegrun"]
[Result "1-0"]
[WhiteElo "1530"]
[BlackElo "139"]
[PlyCount "147"]
[EventDate "2015.08.03"]
[EventType "swiss"]
[EventRounds "5"]
[EventCountry "ENG"]
[SourceTitle "CBM 167 Extra"]
[Source "ChessBase"]
[SourceDate "2015.09.14"]
[SourceVersion "1"]
[SourceVersionDate "2015.09.14"]
[SourceQuality "1"]

1. e4 c6 2. Nf3 d5 3. exd5 cxd5 4. d4 Nc6 5. h3 Nf6 6. c4 e6 7. a3 Be7 8. cxd5 Nxd5 9. Bc4 Nb6 10. Ba2 Bf6 11. Be3 Ne7 12. 0-0 0-0 13. Nc3 Nbd5 14. Ne4 b6 15. Qc2 Bb7 16. Rad1 Nf5 17. Nxf6+ Nxf6 18. Qe2 Nxe3 19. Qxe3 Nd5 20. Qd2 Qd6 21. Ne5 Rac8 22. Nc4 Qb8 23. Ne5 Rc7 24. Rc1 Rfc8 25. Rxc7 Rxc7 26. Rc1 Qc8 27. Rxc7 Qxc7 28. Bxd5 Bxd5 29. Qc3 Qb7 30. f3 f6 31. Nd3 Qd7 32. Nb4 Bb7 33. Nd3 Kf7 34. Kf2 g5 35. g4 h6 36. Kg2 a5 37. b4 axb4 38. Qxb4 Qc6 39. Ne1 b5 40. Qc5 e5 41. Qxc6 Bxc6 42. dxe5 fxe5 43. Kg3 Ke6 44. Nc2 Bb7 45. Ne3 Kf6 46. Nf5 Kg6 47. Nd6 Bc6 48. Nf5 Bd7 49. Ne7+ Kf6 50. Nd5+ Ke6 51. Ne3 Kf6 52. h4 gxh4+ 53. Kxh4 Kg6 54. Nd5 Be8 55. Ne3 Bc6 56. Kg3 Kg5 57. Nf5 Bb7 58. Nd6 Bc6 59. Nf7+ Kf6 60. Nxh6 Bd7 61. Kh4 Kg6 62. g5 Bc6 63. Kg4 Bd7+ 64. Kh4 Bc6 65. Ng4 Kf5 66. g6 Bd5 67. Ne3+ Kxg6 68. Nxd5 Kf5 69. Kg3 e4 70. f4 Ke6 71. Nc7+ Kf5 72. Nxb5 e3 73. a4 e2 74. Nd4+ 1-0